000 00505nam a2200169Ia 4500
005 20240913125442.0
008 240913s9999||||xx |||||||||||||| ||und||
041 _aENGLISH
082 _A338.47677 P5
100 _aTextiles Committee,Ministry of Textiles,Govt of India
245 0 _aMarket For Texttiles and Clothing
260 _c2005
_bTextile Committee,Ministry of Textiles,Government of
500 _aREFERENCE
650 _aTextile Fibers
_bManagement Studies
942 _cREF
999 _c245575
_d245575